000 00482nam a2200169 4500
001 116647
003 ES-MaACL
005 20230906190737.0
007 t|
008 061121s1945 xxu r ||||1| eng d
100 1 _aPartridge, Bellamy.
_989293
245 1 0 _aJanuary thaw /
_cby Bellamy Partridge.
250 _a[1st printing].
260 _aNew York [ etc.] :
_bWhittlesey House Mc Craw Book, Co,
_c1945.
300 _a329 p. ;
_c21 cm.
852 _aES-MaACL
_jC-25132
_bR.53817
999 _c116647
_d116647